Islamic nationalism in the Philippines : reflections in socio-political analysis /
Saved in:
| 主要作者: | |
|---|---|
| 格式: | Thesis 圖書 |
| 語言: | English |
| 出版: |
1981
|
| 主題: | |
| 標簽: |
添加標簽
沒有標簽, 成為第一個標記此記錄!
|
| LEADER | 01102cam a2200313 a 4500 | ||
|---|---|---|---|
| 001 | u34977 | ||
| 003 | SIRSI | ||
| 008 | 841108s1981 us v 00 1 eng | ||
| 015 | |a X840014128 | ||
| 035 | |a AAD-7670 | ||
| 040 | |a UMM |d UMA | ||
| 043 | |a a-ph--- | ||
| 050 | 0 | |a BP63.P6 | |
| 090 | |a BP63 |b P6Bau | ||
| 094 | |a BP63 |b P6Bau | ||
| 100 | 1 | 0 | |a Bauzon, Kenneth Espana |
| 245 | 1 | 0 | |a Islamic nationalism in the Philippines : |b reflections in socio-political analysis / |c Kenneth Espana Bauzon |
| 260 | |c 1981 | ||
| 300 | |a xiv, 394 leaves | ||
| 500 | |a Photocopy. Ann Arbor, Mich.: University Microfilms International, 1982. 21cm | ||
| 500 | |a AIUM. | ||
| 502 | |a Thesis (Ph.D.) - Duke University, 1981 | ||
| 504 | 0 | 0 | |a Bibliography: leaves 375-394 |
| 650 | 0 | |a Islam |z Philippines | |
| 650 | 0 | |a Nationalism |z Philippines |x Religious aspects. | |
| 948 | |a 16/03/1991 |b 12/03/2002 | ||
| 596 | |a 1 27 | ||
| 999 | |a BP63 P6BAU |w LC |c 1 |i A505965424 |d 4/2/2022 |e 31/1/2022 |l STACKS |m P01UTAMA |n 5 |r Y |s Y |t BUKU |u 15/8/1996 |o .PUBLIC. PHOTOCOPY | ||
| 999 | |a BP63 P6BAU |w LC |c 1 |i A506903766 |l STACKS |m P27BACHOK |r Y |s Y |t TESIS |u 2/8/2001 | ||
